Find the Missing Fauna in TV Shows II Quiz Stats

 Plays Quiz Updated Feb 28, 2018

Score 0/20 Timer 04:00
3 Plays Today
% Correct
Teenage Mutant Ninja TURTLES
96.3%
The Porky PIG Show
95.2%
Baa Baa Black SHEEP
94.7%
The Amazing SPIDER-Man
93.1%
The Michael J. FOX Show
92.7%
That's So RAVEN
88.4%
Running Wild with BEAR Grylls
87.8%
Teen WOLF
87.5%
FALCON Crest
84.1%
DOG the Bounty Hunter
84%
% Correct
Darkwing DUCK
83.2%
Walking with DINOSAURS
81.1%
12 MONKEYS
80.9%
My CAT from Hell
78.7%
The Green HORNET
77.1%
Only Fools and HORSES....
73.4%
Skippy the Bush KANGAROO
73.2%
The Mighty MOUSE Playhouse
72.5%
WHALE Wars
63.5%
Lab RATS
56.5%

You're not logged in!

Compare scores with friends on all Sporcle quizzes.
OR
Log In

You Might Also Like...

Show Comments

Extras

Top Quizzes Today


Score Distribution

Your Account Isn't Verified!

In order to create a playlist on Sporcle, you need to verify the email address you used during registration. Go to your Sporcle Settings to finish the process.

Report this User

Report this user for behavior that violates our Community Guidelines.

Details: